Aprender a crear una empresa turística
Tallennettuna:
| Päätekijä: | |
|---|---|
| Aineistotyyppi: | Kirja |
| Kieli: | espanja |
| Julkaistu: |
Barcelona
Paidós
2006
|
| Sarja: | Paidós Aprender, 22
|
| Aiheet: | |
| Tagit: |
Lisää tagi
Ei tageja, Lisää ensimmäinen tagi!
|
MARC
| LEADER | 00000cam a2200000 a 4500 | ||
|---|---|---|---|
| 001 | UCG9901 | ||
| 003 | CL-VaPUC | ||
| 005 | 20250310094954.0 | ||
| 008 | 120412e20060000SP |||||||||||||||||spa|d | ||
| 999 | |c 347427 |d 347425 | ||
| 020 | |a 8449319005 | ||
| 040 | |c Pontificia Universidad Católica de Valparaíso | ||
| 082 | 0 | 4 | |a 338.4791 |b BER |2 21 |
| 100 | 0 | |a Berastain, Luis |e author |9 561655 | |
| 245 | 1 | 0 | |a Aprender a crear una empresa turística |
| 260 | |a Barcelona |b Paidós |c 2006 | ||
| 300 | |a 148 p | ||
| 490 | 0 | |a Paidós Aprender, 22 | |
| 583 | |a last modification |c 20120412 10:24:00 |k Rodrigo Vera | ||
| 650 | 0 | |a Turismo |9 308920 | |
| 650 | 0 | |a Industria turística |9 347913 | |
| 852 | |a BIBCUR | ||
| 942 | |c BK |2 ddc | ||
| 945 | |d 20120412 00:00:00 |a dcastane | ||
| 952 | |0 0 |1 0 |4 0 |6 338_479100000000000_BER_2006 |7 0 |8 A |9 448741 |a BIBING |b BIBING |d 2019-11-22 |i 485411K |o 338.4791 BER 2006 |p 485411K |r 2025-01-20 |w 2019-11-22 |y BK |k GEO | ||